000 00361nam a2200145Ia 4500
008 260407s9999 xx 000 0 und d
020 _a9.7893864184e+012
082 _a658.8
_bMAT/S
100 _aMathur, S.P.
245 0 _aService Marketing
250 _a1st
260 _aNew Delhi
_bNew Age International Publishers
_c2018
300 _a258p.
942 _cBK
999 _c54166
_d54166